Desire and the Expressive Eye. (notice nᵒ 21053)
[ vue normale ]
| 000 -LEADER | |
|---|---|
| fixed length control field | 00623 a2200241 4500 |
| 001 - CONTROL NUMBER | |
| control field | OJ-fathom-728 |
| 003 - CONTROL NUMBER IDENTIFIER | |
| control field | FrMaCLE |
| 005 - DATE AND TIME OF LATEST TRANSACTION | |
| control field | 20251214085449.0 |
| 007 - PHYSICAL DESCRIPTION FIXED FIELD--GENERAL INFORMATION | |
| fixed length control field | cu ||||||m|||| |
| 008 - FIXED-LENGTH DATA ELEMENTS--GENERAL INFORMATION | |
| fixed length control field | 180423e||||||||xx |||||s|||||||||0|en|d |
| 024 7# - OTHER STANDARD IDENTIFIER | |
| Standard number or code | 10.4000/fathom.728 |
| Source of number or code | doi |
| 040 ## - CATALOGING SOURCE | |
| Original cataloging agency | FR-FrMaCLE |
| 100 1# - MAIN ENTRY--PERSONAL NAME | |
| Personal name | Ramel, Annie |
| 245 10 - TITLE STATEMENT | |
| Title | Desire and the Expressive Eye. |
| 260 ## - PUBLICATION, DISTRIBUTION, ETC. | |
| Date of publication, distribution, etc. | 2018 |
| 540 ## - TERMS GOVERNING USE AND REPRODUCTION NOTE | |
| Terms governing use and reproduction | All rights reserved |
| 650 #4 - SUBJECT ADDED ENTRY--TOPICAL TERM | |
| Topical term or geographic name entry element | désir |
| Topical term or geographic name entry element | regard |
| Topical term or geographic name entry element | desire |
| Topical term or geographic name entry element | gaze |
| 700 1# - ADDED ENTRY--PERSONAL NAME | |
| Personal name | Gadoin, Isabelle |
| 856 4# - ELECTRONIC LOCATION AND ACCESS | |
| Uniform Resource Identifier | <a href="https://journals.openedition.org/fathom/728">https://journals.openedition.org/fathom/728</a> |
| Link text | Desire and the Expressive Eye |
Pas d'exemplaire disponible.
